| 000 | 01282nam a2200325 a 4500 | ||
|---|---|---|---|
| 001 | ebr10070553 | ||
| 003 | CaPaEBR | ||
| 006 | m u | ||
| 007 | cr cn||||||||| | ||
| 008 | 050913r20031994enk sb 001 0 eng | ||
| 010 | _z 94003980 | ||
| 020 | _z0203203968 | ||
| 020 | _z0415111137 | ||
| 040 |
_aCaPaEBR _cCaPaEBR |
||
| 035 | _a(OCoLC)70729267 | ||
| 050 | 1 | 4 |
_aK3205.E3 _bB44 2003eb |
| 082 | 0 | 4 |
_a341.7/54 _220 |
| 100 | 1 |
_aBehboodi, Rambod, _d1967- |
|
| 245 | 1 | 0 |
_aIndustrial subsidies and friction in world trade _h[electronic resource] : _btrade policy or trade politics? / _cRambod Behboodi. |
| 260 |
_aLondon ; _aNew York : _bRoutledge, _c2003. |
||
| 300 | _axii, 215 p. | ||
| 504 | _aIncludes bibliographical references (p. 193-207) and index. | ||
| 533 |
_aElectronic reproduction. _bPalo Alto, Calif. : _cebrary, _d2013. _nAvailable via World Wide Web. _nAccess may be limited to ebrary affiliated libraries. |
||
| 650 | 0 |
_aSubsidies _xLaw and legislation. |
|
| 650 | 0 |
_aAntidumping duties _xLaw and legislation. |
|
| 650 | 0 | _aInternational trade. | |
| 655 | 7 |
_aElectronic books. _2local |
|
| 710 | 2 | _aebrary, Inc. | |
| 856 | 4 | 0 |
_uhttp://site.ebrary.com/lib/rucke/Doc?id=10070553 _zAn electronic book accessible through the World Wide Web; click to view |
| 999 |
_c31285 _d31285 |
||